Państwa położone najbliżej Morza Egejskiego - Statystyki

Ogólne statystyki
  • Ten quiz został rozwiązany 12 razy
  • Średni wynik to 18 z 20
Statystyki odpowiedzi
km Państwo % Poprawnych
131 Albania
100%
411 Bośnia i Hercegowina
100%
30 Bułgaria
100%
312 Czarnogóra
100%
386 Egipt
100%
0 Grecja
100%
209 Kosowo
100%
57 Macedonia Północna
100%
293 Rumunia
100%
191 Serbia
100%
0 Turcja
100%
403 Chorwacja
90%
396 Cypr
90%
289 Libia
90%
343 Włochy
90%
547 Mołdawia
80%
535 Ukraina
80%
681 Syria
70%
637 Węgry
70%
699 Rosja
60%
Nie znaleziono quizów pasujących do podanych kryteriów
Rozkład punktacji
Procent ludzi z każdym wynikiem
Percentyl według liczby udzielonych odpowiedzi
Twoja historia wyników
Nie rozwiązałeś tego quizu